000 00939cam a22002897a 4500
003 CHAP
005 20220329134112.0
008 971013s1877 r 00010 d
010 _a15392
011 _a16364
035 _a20443
040 _cCHAP
082 _a581.9
_bG7
100 0 0 _aGrisebach, A.
_950754
245 1 3 _aLa végétation du globe d'aprés sa disposition suivant les climats; esquisse d'une géographie comparée des plants
260 _aParis :
_bBailliére,
_c1877-78
300 _a2 v.
_b: mapa
590 _aBATCH-UPD
_b10
_c20130110
_lUCH01
_h2011
590 _aBATCH-UPD
_b10
_c20130410
_lUCH01
_h1330
590 _aBATCH-UPD
_b10
_c20130914
_lUCH01
_h1415
590 _aCONVERSION
_b10
_c20130109
_lUCH01
_h1310
650 1 4 _aFitogeografía.
_941157
901 _aBK
942 _cLIBRO
949 _a581.9 G7
_bBC
_cBPA
_d-47708
_eBPA
_h14540
_i20443
_si
949 _a581.9 G7
_bBC
_cBPA
_d-47709
_eBPA
_fc.2
_h14541
_i20443
_si
999 _c15392
_d15392